| 000 | 01578cam a2200349 a 4500 | ||
|---|---|---|---|
| 999 |
_c7287 _d7287 |
||
| 001 | 4783800 | ||
| 003 | GBCCL | ||
| 005 | 20241126110624.0 | ||
| 008 | 861128s1986 ii af b 100 0 eng | ||
| 010 | _a 86902852 | ||
| 020 | _cRs25.00 | ||
| 025 | _aI E 53098 | ||
| 040 |
_aDLC _cDLC _dOCoLC _dDLC |
||
| 043 | _aa-ii--- | ||
| 050 | 0 | 0 |
_aBT704 _b.T47 1986 |
| 082 | 0 | 0 |
_a261.8358 _219 _bTHE |
| 245 | 0 | 0 |
_aTheology of humanhood : _bwomen's perspectives : report of a national consultation / _ceditor, Aruna Gnanadason. |
| 260 |
_aDelhi : _bI.S.P.C.K. for All India Council of Christian Women, a sub-unit of the National Council of Churches in India, Nagpur, _c1986. |
||
| 300 |
_aii, 156 p., [1] leaf of plates : _bill. ; _c23 cm. |
||
| 500 | _aCover title: Towards a theology of humanhood. | ||
| 504 | _aIncludes bibliographies. | ||
| 520 | _aContributed papers of a ecumenical group of theologians; consultation organized by the All India Council of Christian Women (sub-unit of the National Council of Churches in India, the Association of Theologically Trained Women and Catholic women. | ||
| 650 | 0 |
_aWomen _xReligious aspects _xChristianity _vCongresses. _912915 |
|
| 650 | 0 |
_aWomen _zIndia _vCongresses. _912916 |
|
| 700 | 1 |
_aGnanadason, Aruna, _d1949- _912917 |
|
| 710 | 2 |
_aI.S.P.C.K. (Organization) _9393 |
|
| 710 | 2 |
_aAll India Council of Christian Women. _912918 |
|
| 710 | 2 |
_aAssociation of Theologically Trained Women in India. _912919 |
|
| 740 | 0 | _aTowards a theology of humanhood. | |
| 906 |
_a7 _bcbc _corignew _d3 _encip _f19 _gy-gencatlg |
||
| 942 |
_2ddc _cBK _03 |
||